Anesthetic complications : (Record no. 3923)

000 -LEADER
fixed length control field 00802cam a2200229 i 4500
003 - CONTROL NUMBER IDENTIFIER
control field ALUPE UNIVERSITY COLLEGE
005 - DATE AND TIME OF LATEST TRANSACTION
control field 20220222054930.0
008 - FIXED-LENGTH DATA ELEMENTS--GENERAL INFORMATION
fixed length control field 800905s1980 sz a b 001 0 eng
020 ## - INTERNATIONAL STANDARD BOOK NUMBER
International Standard Book Number 0815188552 (Year Book)
040 ## - CATALOGING SOURCE
Transcribing agency DLC
050 00 - LIBRARY OF CONGRESS CALL NUMBER
Classification number RD82.5
Item number .T73 1980
100 1# - MAIN ENTRY--PERSONAL NAME
Personal name Tschirren, Bruno.
245 10 - TITLE STATEMENT
Title Anesthetic complications :
Remainder of title etiology, prophylaxis, and treatment /
Statement of responsibility, etc. Bruno Tschirren.
260 ## - PUBLICATION, DISTRIBUTION, ETC.
Place of publication, distribution, etc. Bern :
Name of publisher, distributor, etc. H. Huber Publishers ;
Place of publication, distribution, etc. Chicago :
Name of publisher, distributor, etc. distributed by Year Book Medical Publishers,
Date of publication, distribution, etc. c1980.
300 ## - PHYSICAL DESCRIPTION
Extent 199 p. :
Other physical details ill. ;
Dimensions 23 cm.
500 ## - GENERAL NOTE
General note "A Hans Huber medical publication."
500 ## - GENERAL NOTE
General note Includes index.
504 ## - BIBLIOGRAPHY, ETC. NOTE
Bibliography, etc. note Bibliography: p. 171-192.
650 #0 - SUBJECT ADDED ENTRY--TOPICAL TERM
Topical term or geographic name entry element Anesthesia
General subdivision Complications.
906 ## - LOCAL DATA ELEMENT F, LDF (RLIN)
a 7
b cbc
c orignew
d u
e opcn
f 19
g y-gencatlg
942 ## - ADDED ENTRY ELEMENTS (KOHA)
Source of classification or shelving scheme
Koha item type Book
Holdings
Withdrawn status Lost status Source of classification or shelving scheme Damaged status Not for loan Permanent Location Current Location Shelving location Date acquired Source of acquisition Total Checkouts Full call number Barcode Date last seen Price effective from Koha item type Public note
          AU LIBRARY AU LIBRARY Open Shelf 22.02.2022 DONATION FROM MOI UNIVERSITY   RD82.5 .T73 1980 28005587 22.02.2022 22.02.2022 Book WO

Powered by Koha